Geografía de la argentina /
Guardado en:
| Autor Principal: | |
|---|---|
| Otros Autores: | , , |
| Formato: | Libro |
| Publicado: |
Buenos Aires :
Kapelusz,
1998
|
| Series: | Espacios & sociedades
|
| Materias: | |
| Etiquetas: |
Agregar Etiqueta
Sin Etiquetas, Sea el primero en etiquetar este registro!
|
| LEADER | 01749nam a22003255a 4500 | ||
|---|---|---|---|
| 001 | CEM.cems009684 | ||
| 008 | 130507s1998##################000#0#####d | ||
| 005 | 20241220100616.0 | ||
| 245 | 1 | 0 | |a Geografía de la argentina / |c Celia Daguerre ... [et Al.] |
| 260 | |a Buenos Aires : |b Kapelusz, |c 1998 | ||
| 300 | |a 344 p. | ||
| 490 | 0 | |a Espacios & sociedades | |
| 505 | 0 | |a Diversidades de Medios "Naturales" -- La naturaleza inquieta : peligros y desastres naturales -- La población : protagonista de cambio -- Hacia una Argentina de ciudades -- Nuestros recursos naturales : soporte de las actividades económicas -- A industrializar nuestros recursos -- Los servicios dinamizan el territorio -- El comercio argentino -- Nuestro ambiente -- La Argentina política : desde el sustento natural hasta el ordenamiento territorial -- La Argentina en el mundo | |
| 020 | |a 950132530X | ||
| 100 | 1 | |a Daguerre, Celia | |
| 700 | 1 | |a Sassone, Susana María | |
| 700 | 1 | |a De Marco, Graciela M. | |
| 700 | 1 | |a Lara, Albina L. | |
| 082 | 0 | 4 | |a Z918.2 |
| 653 | |a Geografía | ||
| 653 | |a Geografía-9º egb | ||
| 653 | |a Geografía argentina | ||
| 859 | |a CEMS |b BIB. CEMS - 11 de abril |h Z918.2 |i D135-2a2 |p 19898.98 |t Ej.1 | ||
| 859 | |a CEMS |b BIB. CEMS - 11 de abril |h Z918.2 |i D135-2a2 |p 19900.98 |t Ej.3 | ||
| 859 | |a CEMS |b BIB. CEMS - 11 de abril |h Z918.2 |i D135-2a2 |p 19902.98 |t Ej.5 | ||
| 859 | |a CEMS |b BIB. CEMS - 11 de abril |h Z918.2 |i D135-2a2 |p 19903.98 |t Ej.6 | ||
| 859 | |a CEMS |b BIB. CEMS - 11 de abril |h Z918.2 |i D135-2a2 |p 19904.98 |t Ej.7 | ||
| 859 | |a CEMS |b BIB. CEMS - 11 de abril |h Z918.2 |i D135-2a2 |p 19905.98 |t Ej.8 | ||
| 859 | |a CEMS |b BIB. CEMS - 11 de abril |h Z918.2 |i D135-2a2 |p 19906.98 |t Ej.9 | ||
| 859 | |a CEMS |b BIB. CEMS - 11 de abril |h Z918.2 |i D135-2a2 |p 19907.98 |t Ej.10 | ||
